LEADER 01283nam a2200217 i 4500 001 000000215506 003 CaOOAMICUS 005 20120827000000.0 008 120827s1932 it u000 u ita u 013 $a194379 040 $aSeMil$bita 100 1 $aRomerio, Giulio.$0(OLS)http://semarc/name/76471 245 13$aLa Valsesia alla Vergine Madre di Dio Maria :$bil culto mariano di Valsesia esaminato nella storia, nei santuari, nella devozione, nelle arti plastiche, nella musica, nella letteratura, nelle arti grafiche e nel folklore /$cGiulio Romerio. 260 $aVarallo :$bArti Grafiche De-Grandi & C.,$c1932. 300 $a120 p., [1] c. di tav. :$bill. ;$c25 cm. 650 4$aMadonna - Culto.$0(OLS)http://semarc/subject/1204 650 4$aValsesia - Storia religiosa.$0(OLS)http://semarc/subject/35409 850 $aSeMil 852 $aSeMil$W1$xVenegono$y1$m3P IV 67$j165926$B165926$CSeMilBibl$Z2$F176883 $81 996 $6245$aLa Valsesia alla Vergine Madre di Dio Maria :$bil culto mariano di Valsesia esaminato nella storia, nei santuari, nella devozione, nelle arti plastiche, nella musica, nella letteratura, nelle arti grafiche e nel folklore$9(OLS)http://semarc/title/310226 996 $6260$aVarallo :$bArti Grafiche De-Grandi & C.$9(OLS)http://semarc/publisher/52938 LEADER 01383nam a2200205 i 4500 001 000000218497 003 CaOOAMICUS 005 20130206000000.0 008 130206s1716 xx u000 u lat u 013 $a197394 026 $ai.t. b.t. i-de desa (3) 1716 (R) 040 $aSeMil$bita 245 13$aDe testamentis, codicillis, & ultimis voluntatibus ... de haerede, & haereditate ... de legitima, trebellianica, & aliis detractionibus. Cum nonnullis recentissimis Sacrae Rotae Romanae decisionibis ad materiam spectantibus .. 300 $a[8], 362, [2] p. 500 $aSegn. : a4 A-Y8 Z6. 773 0 $aDe Luca, Giovanni Battista $tJo. Baptistae De Luca ... Theatrum veritatis & justitiae, sive decisivi discursus per materias, seu titulos distincti & ad veritatem editi in forensibus controversiis canonicis et ciuilibus ..$dVenetiis : Apud Paulum Balleonium, 1716.$g9$w()28028 850 $aSeMil 852 $aSeMil$W1$xVenegono$y1$m2G VI 13 FA$j168907$B168907$CSeMilBibl$Z2$F179736 $8I 852 $aSeMil$W1$xVenegono$y1$m2G VI 31 FA$j168948$B168948$CSeMilBibl$Z2$F179759 $8I 996 $6245$aDe testamentis, codicillis, & ultimis voluntatibus ... de haerede, & haereditate ... de legitima, trebellianica, & aliis detractionibus. Cum nonnullis recentissimis Sacrae Rotae Romanae decisionibis ad materiam spectantibus ..$9(OLS)http://semarc/title/313725